000 00632nam a2200205 a 4500
001 000010452
005 20240412074218.0
008 091007s1995 dr 000 p spa d
020 _a9768109017
040 _aDO-SdBNP
_bspa
_cBNPHU
082 _aRD861.44
_bM181c
100 1 _aMadera, Teonilda
_924387
245 1 0 _aCorazón de jade con lágrimas de miel :
_b(poemas) /
_cTeonilda Madera.
260 _aSanto Domingo :
_bBúho,
_c1995.
300 _a82 p. ;
_c21 cm.
500 _aIncluye datos biográficos del autor en la solapas.
650 0 _aPoesía dominicana
_966
650 0 _aLiteratura dominicana.
_967
049 _aBNPD
999 _c10211
_d10211